• 首页
  • 本馆介绍
  • 公告通知
  • 最新文献
  • 馆藏检索
  • 电子资源
  • 读者导购
  • 参考咨询
  • 我的图书馆
  • 登录
  • 详细信息显示
  • 放入我的书架
  • 预约/预借图书
  • 作者相关作品
  • 分类相关作品
  • 丛书相关作品
  • 出版社相关作品

书目信息

  • 表格格式
  • 工作单格式
  • 卡片格式
题名:
女性汽车驾驶完全指南
    
 
作者: 徳大寺有恒, 主编 ;刘爽 , 潘郁灵 译
分册:  
出版信息: 北京   人民邮电出版社  2017.03
页数: 190页
开本: 24cm
丛书名:
单 册:
中图分类: U471.1
科图分类:
主题词: 女性--nv xing--汽车驾驶--指南
电子资源:
ISBN: 978-7-115-44842-2
000 01095nam0 2200289 450
001 CAL 0120172137142
005 20171211154858.39
010    @a978-7-115-44842-2@b@dCNY49.80
100    @a20170321d2017 em y0chiy50 ea
101 1  @achi@cjpn
102    @aCN@b110000
105    @aa z 001yy
106    @ar
200 1  @a女性汽车驾驶完全指南@Anv xing qi che jia shi wan quan zhi nan@f(日) 徳大寺有恒主编@g刘爽, 潘郁灵译
210    @a北京@c人民邮电出版社@d2017.03
215    @a190页@c彩图@d24cm
314    @a徳大寺有恒, 1939年生, 汽车评论家。
320    @a有索引
330    @a本书以女性驾驶者为对象, 收集了它她们在汽车驾驶中可能遇到的各种问题, 并以条目的形式列出, 主要介绍了驾车细体验、安全是首要、点滴节用油、心中有法规、事故慎提防、故障自排除、爱车要保养、保险有技巧、假日自驾游等内容。
606 0  @a女性@Anv xing@x汽车驾驶@j指南
690    @aU471.1@v5
701  0 @a徳大寺有恒,@Ade da si you heng@f1939-@4主编
702  0 @a刘爽@Aliu shuang@4译
702  0 @a潘郁灵@Apan yu ling@4译
801  0 @aCN@b人天书店@c20170321@g
905    @aBZT@dU471.1@e3
906    @dCNY49.80@n3@r1
    
    女性汽车驾驶完全指南/(日) 徳大寺有恒主编/刘爽, 潘郁灵译.-北京:人民邮电出版社,2017.03
    190页:彩图;24cm
    
    
    ISBN 978-7-115-44842-2:CNY49.80
    本书以女性驾驶者为对象, 收集了它她们在汽车驾驶中可能遇到的各种问题, 并以条目的形式列出, 主要介绍了驾车细体验、安全是首要、点滴节用油、心中有法规、事故慎提防、故障自排除、爱车要保养、保险有技巧、假日自驾游等内容。
●
相关链接 在五车中查询图书 在当当中查询图书 在豆瓣中查询图书


正题名:女性汽车驾驶完全指南     索取号:U471.1/3         预约/预借

序号 登录号 条形码 馆藏地/架位号 状态 备注
1 837862   2000837862   第二书库/ [索取号:U471.1/3] 在馆    
2 837863   2000837863   第二书库/ [索取号:U471.1/3] 在馆    
3 837864   2000837864   第二书库/ [索取号:U471.1/3] 在馆    
山东省滨州职业学院图书馆 欢迎您!
大连网信软件有限公司© 版权所有